[Event "Quebec op"]
[Site "Montreal CAN"]
[Date "1982.08.05"]
[Round "5"]
[White "Bilodeau, Marcel"]
[Black "Morin, Louis"]
[Result "1/2-1/2"]
[WhiteElo "1961"]
[BlackElo "1825"]
[PlyCount "116"]
[GameId "2160767912848279"]
[EventDate "1982.08.01"]
[EventType "swiss"]
[EventRounds "8"]
[EventCountry "CAN"]
[SourceTitle "hb 2013"]

1. e4 c5 2. Nf3 e6 3. d4 cxd4 4. Nxd4 Nf6 5. Nc3 Nc6 6. Bg5 Qb6 7. Nb3 Bb4 8. Be3 Qc7 9. f3 Bxc3+ 10. bxc3 d5 11. Bd3 dxe4 12. fxe4 e5 13. O-O Bg4 14. Qe1 Bh5 15. Qg3 Bg6 16. Nd4 Nh5 17. Nb5 Qb8 18. Qf2 a6 19. Na3 b5 20. Nb1 Nf4 21. Nd2 Nxd3 22. cxd3 O-O 23. Rfb1 Rd8 24. d4 exd4 25. cxd4 Qd6 26. Rd1 Qf6 27. Qxf6 gxf6 28. d5 Ne5 29. Rac1 Rdc8 30. Bd4 Nd3 31. Rxc8+ Rxc8 32. Bxf6 Kf8 33. e5 Rc1 34. Rxc1 Nxc1 35. a3 Ne2+ 36. Kf2 Nc3 37. d6 Ke8 38. Nb3 Ne4+ 39. Ke3 Kd7 40. Bh4 Kc6 41. Kd4 h5 42. h3 Bf5 43. g4 hxg4 44. hxg4 Bg6 45. Na5+ Kd7 46. Nb7 Bh7 47. Nd8 Bg6 48. Nxf7 Bxf7 49. Kxe4 Be6 50. Kf4 Ke8 51. Be1 Kf7 52. Ba5 Kg6 53. Bb6 Bd7 54. Ke4 Bxg4 55. Kd5 Kf7 56. Kc6 Ke8 57. Kb7 Kd7 58. Kxa6 Kc6 1/2-1/2

[Event "Quebec op"]
[Site "Montreal CAN"]
[Date "1982.08.05"]
[Round "5"]
[White "Bolduc, Steve"]
[Black "Guevremont, Grant"]
[Result "1/2-1/2"]
[WhiteElo "2120"]
[BlackElo "1996"]
[PlyCount "81"]
[GameId "2160767912848280"]
[EventDate "1982.08.01"]
[EventType "swiss"]
[EventRounds "8"]
[EventCountry "CAN"]
[SourceTitle "EXT 2022"]
[Source "ChessBase"]
[SourceDate "2021.10.06"]
[SourceVersion "1"]
[SourceVersionDate "2021.10.06"]
[SourceQuality "1"]

1. d4 Nf6 2. c4 e6 3. Nf3 b6 4. g3 Bb7 5. Bg2 c5 6. d5 exd5 7. Nh4 Nc6 8. cxd5 Ne5 9. O-O d6 10. Nc3 g6 11. e4 Bg7 12. f4 Ned7 13. Nb5 Qb8 14. Nxd6+ Qxd6 15. e5 Qc7 16. exf6 Bxf6 17. Re1+ Kf8 18. f5 g5 19. Nf3 h6 20. Be3 Re8 21. Qd2 Qd6 22. Rad1 Ne5 23. Nxe5 Rxe5 24. b4 Kg7 25. bxc5 bxc5 26. Qa5 Rhe8 27. Bxc5 Rxe1+ 28. Rxe1 Rxe1+ 29. Kf2 Qe5 30. Qxe1 Qxf5+ 31. Kg1 Bxd5 32. Bxd5 Qxd5 33. Bxa7 Qxa2 34. Qf2 Qxf2+ 35. Bxf2 h5 36. h3 Be5 37. g4 f5 38. gxf5 Kf6 39. Kg2 Kxf5 40. Kf3 Bf4 41. Be1 1/2-1/2

[Event "Quebec op"]
[Site "Montreal CAN"]
[Date "1982.08.05"]
[Round "5"]
[White "Leliever, Mark"]
[Black "Zalys, Ignas"]
[Result "1-0"]
[WhiteElo "1811"]
[BlackElo "1960"]
[PlyCount "77"]
[GameId "2160767912848282"]
[EventDate "1982.08.01"]
[EventType "swiss"]
[EventRounds "8"]
[EventCountry "CAN"]
[SourceTitle "EXT 2002"]
[Source "ChessBase"]
[SourceDate "2001.11.25"]
[SourceVersion "1"]
[SourceVersionDate "2001.11.25"]
[SourceQuality "1"]

1. g3 f5 2. Bg2 Nf6 3. Nf3 e6 4. d3 Be7 5. Nbd2 d5 6. O-O Nc6 7. c3 O-O 8. Qc2 Qe8 9. e4 fxe4 10. dxe4 Qh5 11. Re1 Bd7 12. h3 a5 13. e5 Ne8 14. g4 Qf7 15. a4 Na7 16. Nf1 c5 17. Ng3 Nc7 18. Be3 Nc6 19. Kh2 Rfb8 20. Bd2 Be8 21. Ng1 Bh4 22. f4 Qg6 23. Qc1 h5 24. Nf3 Bxg3+ 25. Kxg3 Ne7 26. Ng5 b5 27. Be3 Na6 28. Qd2 b4 29. Rf1 bxc3 30. bxc3 Rb3 31. f5 Qh6 32. Nxe6 Qh8 33. Bxd5 Nxd5 34. Qxd5 Rab8 35. Ng5+ Kf8 36. Qd6+ Kg8 37. Qe6+ Kf8 38. f6 g6 39. Qe7+ 1-0

[Event "Quebec op"]
[Site "Montreal CAN"]
[Date "1982.08.05"]
[Round "5"]
[White "Robichaud, Louis"]
[Black "Pauric, Ivan"]
[Result "1-0"]
[WhiteElo "1963"]
[BlackElo "2080"]
[PlyCount "157"]
[GameId "2160767912848283"]
[EventDate "1982.08.01"]
[EventType "swiss"]
[EventRounds "8"]
[EventCountry "CAN"]
[SourceTitle "EXT 2022"]
[Source "ChessBase"]
[SourceDate "2021.10.06"]
[SourceVersion "1"]
[SourceVersionDate "2021.10.06"]
[SourceQuality "1"]

1. e4 e5 2. Nf3 Nc6 3. Bb5 a6 4. Ba4 Nf6 5. O-O b5 6. Bb3 Nxe4 7. Bd5 Nf6 8. Bxc6 dxc6 9. Nxe5 Qd6 10. d4 Nd5 11. Re1 Be7 12. Nd2 O-O 13. Ne4 Qe6 14. c3 f6 15. Nd3 Qf7 16. Qf3 Re8 17. Bd2 Qg6 18. h3 a5 19. Re2 Bf5 20. Rae1 a4 21. Nf4 Bxe4 22. Qxe4 Qxe4 23. Rxe4 Kf7 24. Ne6 Bd6 25. g3 Re7 26. Nf4 Rxe4 27. Rxe4 f5 28. Re1 Nxf4 29. Bxf4 Bxf4 30. gxf4 Rd8 31. Re5 Kf6 32. Kg2 Rd6 33. Kf3 Rd8 34. Ke3 g6 35. Kd3 Kf7 36. Rc5 Rd6 37. c4 b4 38. Ra5 a3 39. bxa3 bxa3 40. Rxa3 Re6 41. Ra7 Re7 42. Rb7 Ke8 43. Rb2 Kd7 44. Re2 Rf7 45. a4 Kc8 46. Re5 Kb7 47. h4 Rf6 48. Re7 h5 49. c5 Rf8 50. Re6 Ra8 51. Rxg6 Rxa4 52. Rg5 Ra3+ 53. Kc4 Ra4+ 54. Kc3 Ra3+ 55. Kb4 Rf3 56. Rxf5 Rxf2 57. Kc4 Rf3 58. d5 Ra3 59. d6 cxd6 60. Rf7+ Kc8 61. cxd6 Kd8 62. Kc5 Rc3+ 63. Kb6 Ke8 64. Ra7 Kd8 65. f5 Rf3 66. Kxc6 Rc3+ 67. Kd5 Rd3+ 68. Ke6 Re3+ 69. Kf6 Rg3 70. Rg7 Rd3 71. d7 Rd4 72. Kg5 Rg4+ 73. Kh6 Rf4 74. Rf7 Rxh4 75. f6 Rh1 76. Rg7 Rd1 77. Kxh5 Rh1+ 78. Kg6 Rh8 79. f7 1-0

[Event "Quebec op"]
[Site "Montreal CAN"]
[Date "1982.08.05"]
[Round "5"]
[White "Stean, Michael"]
[Black "Levtchouk, George"]
[Result "1-0"]
[WhiteElo "2576"]
[BlackElo "2174"]
[PlyCount "87"]
[GameId "2160767912848285"]
[EventDate "1982.08.01"]
[EventType "swiss"]
[EventRounds "8"]
[EventCountry "CAN"]
[SourceTitle "EXT 2022"]
[Source "ChessBase"]
[SourceDate "2021.10.06"]
[SourceVersion "1"]
[SourceVersionDate "2021.10.06"]
[SourceQuality "1"]

1. c4 g6 2. e4 Bg7 3. d4 d6 4. Nc3 Nf6 5. Be2 O-O 6. Nf3 e5 7. O-O Nbd7 8. Re1 Re8 9. Bf1 c6 10. d5 c5 11. a3 Nf8 12. b4 b6 13. Rb1 Re7 14. g3 Ne8 15. Nh4 f5 16. exf5 gxf5 17. Bg5 Bf6 18. Bxf6 Nxf6 19. bxc5 bxc5 20. Bh3 f4 21. Bxc8 Qxc8 22. Qf3 Rg7 23. Ne4 Nxe4 24. Qxe4 Rg5 25. Rb3 Qh3 26. Qg2 Qxg2+ 27. Kxg2 fxg3 28. hxg3 Rd8 29. Rb7 Rd7 30. Reb1 Rgg7 31. Rxd7 Rxd7 32. Nf5 Ng6 33. Kf3 Kf7 34. Ke4 Kf6 35. Rb8 Kf7 36. a4 Nf8 37. a5 Ng6 38. a6 Ne7 39. Rb7 Ke8 40. Rb8+ Kf7 41. Rh8 Nxf5 42. Kxf5 Kg7 43. Ke6 Rc7 44. Rb8 1-0

[Event "Quebec op"]
[Site "Montreal CAN"]
[Date "1982.08.05"]
[Round "5"]
[White "Veltmann, Martin"]
[Black "Walker, Ben"]
[Result "1-0"]
[WhiteElo "1858"]
[BlackElo "1839"]
[PlyCount "109"]
[GameId "2160767912848286"]
[EventDate "1982.08.01"]
[EventType "swiss"]
[EventRounds "8"]
[EventCountry "CAN"]
[SourceTitle "mv"]

1. e4 c5 2. Nf3 d6 3. Nc3 Nf6 4. d3 g6 5. g3 Bg7 6. Bg2 Nc6 7. O-O O-O 8. h3 Rb8 9. Nh4 b5 10. Rb1 Qa5 11. f4 e5 12. f5 Ba6 13. g4 Rfc8 14. fxg6 fxg6 15. g5 Nd7 16. Qg4 Nf8 17. Be3 c4 18. Nd5 cxd3 19. b4 Nxb4 20. Nxb4 dxc2 21. Rb3 Rc4 22. Bd2 Rbc8 23. Rc1 Bb7 24. Nf3 Rxe4 25. Qg3 Qb6+ 26. Kh1 a5 27. Nxc2 Bd5 28. Nfe1 Bxb3 29. Qxb3+ Rec4 30. Bd5+ Kh8 31. Bxc4 Rxc4 32. Qf3 e4 33. Be3 Qc6 34. Qf7 Qc8 35. Kg1 Qxh3 36. Ng2 Qe6 37. Qf4 Nd7 38. Nce1 Be5 39. Qf2 Qf5 40. Rxc4 Qxf2+ 41. Kxf2 bxc4 42. Nf4 Kg8 43. Nc2 Kf7 44. Nd4 Nc5 45. Nc6 Bxf4 46. Bxf4 c3 47. Nxa5 c2 48. Nb3 Nxb3 49. axb3 Ke6 50. Ke2 Kd5 51. Be3 Ke5 52. Kd2 d5 53. Bc5 d4 54. Kxc2 e3 55. Kd3 1-0

[Event "Quebec op"]
[Site "Montreal CAN"]
[Date "1982.08.06"]
[Round "6"]
[White "Bergeron, Florian"]
[Black "Morin, Louis"]
[Result "1/2-1/2"]
[WhiteElo "1842"]
[BlackElo "1825"]
[PlyCount "54"]
[GameId "2160767912848287"]
[EventDate "1982.08.01"]
[EventType "swiss"]
[EventRounds "8"]
[EventCountry "CAN"]
[SourceTitle "hb 2013"]

1. e4 c5 2. f4 e6 3. Qe2 Nc6 4. Nf3 g6 5. g3 Bg7 6. Bg2 Nge7 7. O-O O-O 8. d3 d6 9. Nbd2 b6 10. c3 Bb7 11. g4 f5 12. exf5 exf5 13. Ng5 Qd7 14. Ne6 Rfe8 15. Nxg7 Kxg7 16. gxf5 Nxf5 17. Qg4 Nce7 18. Ne4 Rad8 19. Bd2 d5 20. Ng5 Ng8 21. Rfe1 Nf6 22. Qh3 Qd6 23. Re5 h6 24. Nf3 Bc8 25. Rae1 Ne3 26. Qg3 Nf5 27. Qh3 Ne3 1/2-1/2

[Event "Quebec op"]
[Site "Montreal CAN"]
[Date "1982.08.06"]
[Round "6"]
[White "Breed, Brian"]
[Black "Bolduc, Steve"]
[Result "0-1"]
[WhiteElo "1955"]
[BlackElo "2120"]
[PlyCount "72"]
[GameId "2160767912848288"]
[EventDate "1982.08.01"]
[EventType "swiss"]
[EventRounds "8"]
[EventCountry "CAN"]
[SourceTitle "EXT 2022"]
[Source "ChessBase"]
[SourceDate "2021.10.06"]
[SourceVersion "1"]
[SourceVersionDate "2021.10.06"]
[SourceQuality "1"]

1. b4 a5 2. b5 e5 3. Bb2 d6 4. e3 Nd7 5. c4 g6 6. Nf3 Bg7 7. Be2 Nh6 8. a4 O-O 9. d4 e4 10. Nfd2 f5 11. Qb3 Kh8 12. Nc3 Nf6 13. h3 Be6 14. O-O-O d5 15. c5 Nfg8 16. Rdg1 f4 17. Ncxe4 Qe7 18. Nc3 fxe3 19. fxe3 Nf5 20. Nf1 Qg5 21. h4 Nxd4 22. Qd1 Nxe2+ 23. Qxe2 Qg4 24. Qxg4 Bxg4 25. Nh2 Be6 26. Nf3 Nf6 27. Nd4 Rae8 28. Rf1 Bd7 29. c6 Bc8 30. cxb7 Bxb7 31. Rf3 Kg8 32. Ba3 Rf7 33. Rhf1 Rd7 34. Bb2 Ng4 35. Rg1 Nxe3 36. Nde2 d4 0-1

[Event "Quebec op"]
[Site "Montreal CAN"]
[Date "1982.08.06"]
[Round "6"]
[White "Didiodato, Robert"]
[Black "Veltmann, Martin"]
[Result "1-0"]
[WhiteElo "2018"]
[BlackElo "1858"]
[PlyCount "74"]
[GameId "2160767912848289"]
[EventDate "1982.08.01"]
[EventType "swiss"]
[EventRounds "8"]
[EventCountry "CAN"]
[SourceTitle "mv"]

1. e4 c5 2. Nf3 d6 3. Bb5+ Bd7 4. a4 Nf6 5. Qe2 Nc6 6. O-O e5 7. c3 Be7 8. Rd1 a6 9. Bxc6 Bxc6 10. d4 Qc7 11. d5 Bd7 12. a5 O-O 13. Nbd2 Nh5 14. Nc4 Nf4 15. Bxf4 exf4 16. Qd2 g5 17. e5 Bg4 18. Qd3 h6 19. Re1 Bh5 20. exd6 Bxd6 21. Nfe5 Bxe5 22. Nxe5 Qd6 23. Nc4 Qf6 24. Qe4 f3 25. Qe5 Qg6 26. d6 Rad8 27. Rad1 fxg2 28. Rd2 Bf3 29. d7 Bc6 30. Nb6 Qe6 31. Qxe6 fxe6 32. Rxe6 Kg7 33. Rdd6 Rf5 34. Rxh6 Re5 35. Rxc6 bxc6 36. Rxc6 Re7 37. Rxc5 Kf6 1-0

[Event "Quebec op"]
[Site "Montreal CAN"]
[Date "1982.08.06"]
[Round "6"]
[White "Fecteau, Martin"]
[Black "Robichaud, Louis"]
[Result "0-1"]
[WhiteElo "1983"]
[BlackElo "1963"]
[PlyCount "88"]
[GameId "2160767912848290"]
[EventDate "1982.08.01"]
[EventType "swiss"]
[EventRounds "8"]
[EventCountry "CAN"]
[SourceTitle "EXT 2022"]
[Source "ChessBase"]
[SourceDate "2021.10.06"]
[SourceVersion "1"]
[SourceVersionDate "2021.10.06"]
[SourceQuality "1"]

1. e4 e5 2. Nf3 Nc6 3. Bb5 a6 4. Ba4 Nf6 5. O-O Nxe4 6. d4 b5 7. Bb3 d5 8. dxe5 Be6 9. c3 Bc5 10. Bc2 O-O 11. Nbd2 Bf5 12. Nb3 Bg6 13. Nbd4 Nxd4 14. Nxd4 Bb6 15. f3 c5 16. Ne2 c4+ 17. Nd4 Nc5 18. Bxg6 hxg6 19. Re1 Nd3 20. Re2 Re8 21. f4 Qd7 22. Be3 Bxd4 23. cxd4 Qf5 24. Qd2 a5 25. Rf1 a4 26. a3 b4 27. h3 Reb8 28. Qd1 bxa3 29. bxa3 Rb3 30. Bc1 Nxc1 31. Qxc1 Qd3 32. Rd2 Qe3+ 33. Kh1 Rxa3 34. Rf3 Ra1 35. Qxa1 Qxd2 36. Ra3 Rc8 37. Qc3 Qd1+ 38. Kh2 Rb8 39. Qg3 Rb3 40. Rxb3 axb3 41. Qg5 b2 42. g4 Qe2+ 43. Kg3 Qe1+ 44. Kg2 b1=Q 0-1

[Event "Quebec op"]
[Site "Montreal CAN"]
[Date "1982.08.06"]
[Round "6"]
[White "Spraggett, Kevin"]
[Black "Stean, Michael"]
[Result "1/2-1/2"]
[WhiteElo "2465"]
[BlackElo "2576"]
[PlyCount "80"]
[GameId "2160767912848293"]
[EventDate "1982.08.01"]
[EventType "swiss"]
[EventRounds "8"]
[EventCountry "CAN"]
[SourceTitle "EXT 2002"]
[Source "ChessBase"]
[SourceDate "2001.11.25"]
[SourceVersion "1"]
[SourceVersionDate "2001.11.25"]
[SourceQuality "1"]

1. e4 e5 2. Nf3 Nc6 3. Bb5 a6 4. Ba4 Nf6 5. d3 d6 6. c3 Bd7 7. Nbd2 g6 8. Nf1 Bg7 9. Ng3 O-O 10. h4 h5 11. Ng5 Qe7 12. Bb3 Na5 13. Bc2 c5 14. Bd2 Rac8 15. Nf1 c4 16. Ne3 cxd3 17. Bxd3 b5 18. Qe2 Bc6 19. b4 Nb7 20. a4 d5 21. axb5 axb5 22. Ra7 Ra8 23. Rxa8 Rxa8 24. O-O Nd6 25. exd5 Nxd5 26. Nxd5 Bxd5 27. Re1 Qb7 28. f3 Bc4 29. Bxc4 Nxc4 30. Bc1 Rd8 31. Rd1 Rd5 32. Kh2 Qd7 33. Rxd5 Qxd5 34. Ne4 f5 35. Ng5 Bf6 36. Qa2 f4 37. Qa6 Nd6 38. Ne4 Nxe4 39. fxe4 Qd3 40. Qxf6 Qg3+ 1/2-1/2

[Event "Quebec op"]
[Site "Montreal CAN"]
[Date "1982.08.06"]
[Round "6"]
[White "Zalys, Ignas"]
[Black "Pommainville, Roland"]
[Result "1-0"]
[WhiteElo "1960"]
[BlackElo "1673"]
[PlyCount "95"]
[GameId "2160767912848294"]
[EventDate "1982.08.01"]
[EventType "swiss"]
[EventRounds "8"]
[EventCountry "CAN"]
[SourceTitle "EXT 2002"]
[Source "ChessBase"]
[SourceDate "2001.11.25"]
[SourceVersion "1"]
[SourceVersionDate "2001.11.25"]
[SourceQuality "1"]

1. e4 c5 2. c3 Nf6 3. e5 Nd5 4. d4 e6 5. Nf3 Nc6 6. Bc4 Nb6 7. Bb3 d5 8. O-O Bd7 9. Qe2 a6 10. a4 Na5 11. Bc2 Qc7 12. dxc5 Bxc5 13. b4 Be7 14. bxa5 Nc4 15. Bg5 Bc5 16. Kh1 Qxa5 17. Nd4 b5 18. Nb3 Qb6 19. a5 Qc7 20. Nxc5 Qxc5 21. Bd3 Nxe5 22. Qxe5 f6 23. Bxf6 gxf6 24. Qxf6 Rf8 25. Qh4 Bc6 26. Bxh7 Kd7 27. Qd4 Qe7 28. Bd3 Rh8 29. Nd2 Rh4 30. f4 Rah8 31. Qa7+ Kd6 32. Qxe7+ Kxe7 33. Nf3 Rxf4 34. Ne5 Rxf1+ 35. Rxf1 Kd6 36. Nf7+ Kc5 37. Nxh8 e5 38. h4 e4 39. Be2 b4 40. cxb4+ Kxb4 41. h5 d4 42. h6 d3 43. Bxd3 exd3 44. Ng6 Be4 45. h7 Bxg6 46. h8=Q Kxa5 47. Rb1 Be8 48. Qc3+ 1-0

[Event "Quebec op"]
[Site "Montreal CAN"]
[Date "1982.08.07"]
[Round "7"]
[White "Bolduc, Steve"]
[Black "Witt, Laszlo"]
[Result "0-1"]
[WhiteElo "2066"]
[BlackElo "2328"]
[PlyCount "24"]
[GameId "2160767912848295"]
[EventDate "1982.08.01"]
[EventType "swiss"]
[EventRounds "8"]
[EventCountry "CAN"]
[SourceTitle "EXT 2022"]
[Source "ChessBase"]
[SourceDate "2021.10.06"]
[SourceVersion "1"]
[SourceVersionDate "2021.10.06"]
[SourceQuality "1"]

1. d4 Nf6 2. c4 e5 3. dxe5 Ng4 4. e4 Nxe5 5. f4 Ng6 6. Be3 Bb4+ 7. Nd2 Qe7 8. Qf3 Nc6 9. Bd3 Bc5 10. Ne2 Nh4 11. Qg3 Bxe3 12. O-O-O Bxd2+ 0-1

[Event "Quebec op"]
[Site "Montreal CAN"]
[Date "1982.08.07"]
[Round "7"]
[White "Clain, Olivier"]
[Black "Zalys, Ignas"]
[Result "0-1"]
[WhiteElo "1927"]
[BlackElo "1960"]
[PlyCount "82"]
[GameId "2160767912848296"]
[EventDate "1982.08.01"]
[EventType "swiss"]
[EventRounds "8"]
[EventCountry "CAN"]
[SourceTitle "EXT 2002"]
[Source "ChessBase"]
[SourceDate "2001.11.25"]
[SourceVersion "1"]
[SourceVersionDate "2001.11.25"]
[SourceQuality "1"]

1. d4 Nf6 2. c4 e6 3. Nc3 Bb4 4. e3 c5 5. Bd3 b6 6. Nge2 Bb7 7. O-O cxd4 8. exd4 O-O 9. Bg5 h6 10. Bh4 Be7 11. f3 a5 12. Rc1 Na6 13. a3 Rc8 14. Bb1 Nh5 15. Bf2 Bg5 16. Qd3 f5 17. Rcd1 Nf4 18. Nxf4 Bxf4 19. Ne2 Bd6 20. Bg3 Bxg3 21. Nxg3 Qc7 22. b3 Qd6 23. c5 bxc5 24. Qb5 Bd5 25. Qxa5 cxd4 26. Rxd4 Nc5 27. Ba2 Ra8 28. Qd2 Rxa3 29. b4 Nb3 30. Bxb3 Rxb3 31. Ne2 Qb6 32. Kh1 Bc6 33. Rd1 e5 34. Rh4 f4 35. Qa2 Qxb4 36. Qc2 Rf6 37. Qa2 Qa4 38. Qc2 Re3 39. Qb2 Qxd1+ 40. Ng1 Re1 41. Qb8+ Kh7 0-1

[Event "Quebec op"]
[Site "Montreal CAN"]
[Date "1982.08.07"]
[Round "7"]
[White "Fecteau, Martin"]
[Black "Veltmann, Martin"]
[Result "1-0"]
[WhiteElo "1951"]
[BlackElo "1858"]
[PlyCount "61"]
[GameId "2160767912848297"]
[EventDate "1982.08.01"]
[EventType "swiss"]
[EventRounds "8"]
[EventCountry "CAN"]
[SourceTitle "mv"]

1. e4 c5 2. Nf3 d6 3. d4 cxd4 4. Nxd4 Nf6 5. Nc3 a6 6. Bc4 e6 7. Be3 Be7 8. Qe2 Qc7 9. O-O-O Nc6 10. Bb3 Nxd4 11. Bxd4 b5 12. f3 Bb7 13. g4 O-O 14. g5 Nd7 15. h4 Nc5 16. Kb1 b4 17. Na4 Bc6 18. Nxc5 dxc5 19. Be3 a5 20. h5 Qe5 21. Rhg1 a4 22. Bc4 a3 23. Bc1 Rfd8 24. Bd3 Rd4 25. f4 Qc7 26. b3 g6 27. Be3 Rd7 28. hxg6 hxg6 29. Rh1 Bf8 30. Qh2 Bg7 31. Qh7+ 1-0

[Event "Quebec op"]
[Site "Montreal CAN"]
[Date "1982.08.07"]
[Round "7"]
[White "Langlois, Charles"]
[Black "Robichaud, Louis"]
[Result "1-0"]
[WhiteElo "2082"]
[BlackElo "1963"]
[PlyCount "101"]
[GameId "2160767912848298"]
[EventDate "1982.08.01"]
[EventType "swiss"]
[EventRounds "8"]
[EventCountry "CAN"]
[SourceTitle "EXT 2022"]
[Source "ChessBase"]
[SourceDate "2021.10.06"]
[SourceVersion "1"]
[SourceVersionDate "2021.10.06"]
[SourceQuality "1"]

1. e4 e5 2. Nf3 Nc6 3. Bb5 a6 4. Ba4 Nf6 5. O-O Nxe4 6. Qe2 Nc5 7. Bxc6 dxc6 8. d4 Ne6 9. dxe5 Bc5 10. c3 O-O 11. Nbd2 Be7 12. Ne4 c5 13. Be3 b6 14. Rad1 Qe8 15. Nfd2 Bb7 16. f4 f5 17. exf6 Bxf6 18. f5 Nd8 19. Nxf6+ Rxf6 20. Qc4+ Nf7 21. Rde1 Qc6 22. Qg4 Ne5 23. Qg3 Raf8 24. Bf4 Ng6 25. fxg6 Rxg6 26. Bg5 Rxf1+ 27. Rxf1 h6 28. Nf3 Qb5 29. h4 hxg5 30. Nxg5 Qd7 31. Qe3 Bc6 32. Qe2 Qd5 33. Rf2 Rf6 34. Rxf6 gxf6 35. Qe6+ Qxe6 36. Nxe6 Kf7 37. Nxc7 Bb7 38. c4 Kg6 39. Nd5 f5 40. Nxb6 Kh5 41. g3 Be4 42. Kf2 Bb1 43. a3 f4 44. gxf4 Kxh4 45. Ke3 Kg4 46. Nd7 Kf5 47. Nxc5 Ba2 48. Kd4 Kxf4 49. Nxa6 Bb3 50. Nc5 Bd1 51. b4 1-0

[Event "Quebec op"]
[Site "Montreal CAN"]
[Date "1982.08.07"]
[Round "7"]
[White "Morin, Louis"]
[Black "Regnier, Alain"]
[Result "1-0"]
[WhiteElo "1825"]
[BlackElo "1962"]
[PlyCount "77"]
[GameId "2160767912848299"]
[EventDate "1982.08.01"]
[EventType "swiss"]
[EventRounds "8"]
[EventCountry "CAN"]
[SourceTitle "hb 2013"]

1. e4 g6 2. d4 Bg7 3. Nc3 d6 4. f4 Nf6 5. Nf3 O-O 6. Bd3 c5 7. dxc5 dxc5 8. e5 Nd5 9. Nxd5 Qxd5 10. Qe2 Bg4 11. O-O Nc6 12. c3 Rfd8 13. Bc4 Qd7 14. Be3 Qc7 15. Bxf7+ Kh8 16. Qc4 b6 17. Ng5 Na5 18. Qe4 Bf5 19. Qf3 Rf8 20. Bd5 Rac8 21. Nf7+ Rxf7 22. Bxf7 e6 23. g4 Qxf7 24. gxf5 gxf5 25. Rad1 Rg8 26. Kh1 Qg6 27. Rd7 Qe8 28. Rfd1 Nc4 29. Bc1 Qb8 30. Qb7 Qe8 31. b3 Na5 32. Qf3 Bf8 33. h3 Be7 34. Rxa7 Nc6 35. Rc7 Nd8 36. Rdd7 Rg7 37. Be3 h5 38. Bf2 Kh7 39. Bh4 1-0

[Event "Quebec op"]
[Site "Montreal CAN"]
[Date "1982.08.08"]
[Round "8"]
[White "Gaulin, Gaetan"]
[Black "Bolduc, Steve"]
[Result "0-1"]
[WhiteElo "1852"]
[BlackElo "2120"]
[PlyCount "39"]
[GameId "2160767912848301"]
[EventDate "1982.08.01"]
[EventType "swiss"]
[EventRounds "8"]
[EventCountry "CAN"]
[SourceTitle "EXT 2022"]
[Source "ChessBase"]
[SourceDate "2021.10.06"]
[SourceVersion "1"]
[SourceVersionDate "2021.10.06"]
[SourceQuality "1"]

1. e4 c6 2. d4 d5 3. e5 Bf5 4. Nc3 e6 5. g4 Bg6 6. Nge2 c5 7. h4 f6 8. Nf4 Bf7 9. h5 Nc6 10. Bb5 Qb6 11. Qe2 O-O-O 12. Na4 Qc7 13. Bxc6 Qxc6 14. Nxc5 fxe5 15. Qxe5 Nf6 16. Qe2 e5 17. Nfd3 exd4 18. b4 Bxc5 19. bxc5 Rhe8 20. Ne5 0-1

[Event "Quebec op"]
[Site "Montreal CAN"]
[Date "1982.08.08"]
[Round "8"]
[White "Leveille, Francois"]
[Black "Short, Nigel"]
[Result "1-0"]
[WhiteElo "2150"]
[BlackElo "2430"]
[PlyCount "99"]
[GameId "2160767912848303"]
[EventDate "1982.08.01"]
[EventType "swiss"]
[EventRounds "8"]
[EventCountry "CAN"]
[SourceTitle "EXT 2002"]
[Source "ChessBase"]
[SourceDate "2001.11.25"]
[SourceVersion "1"]
[SourceVersionDate "2001.11.25"]
[SourceQuality "1"]

1. Nf3 Nf6 2. g3 d5 3. Bg2 c6 4. O-O Bf5 5. d3 e6 6. b3 h6 7. Bb2 Be7 8. Nbd2 O-O 9. c4 Bh7 10. a3 a5 11. Ra2 Nbd7 12. Qa1 Bd6 13. Ne5 Nxe5 14. Bxe5 Bxe5 15. Qxe5 Qb6 16. Rc2 Rfd8 17. Bf3 Nd7 18. Qb2 f6 19. Rb1 Ne5 20. Bg2 Qc7 21. cxd5 exd5 22. Qd4 Qe7 23. b4 axb4 24. axb4 Nf7 25. Nb3 Nd6 26. Qc5 Qe5 27. Nd4 Nc4 28. Nf3 Qe8 29. Rbc1 Qd7 30. b5 cxb5 31. Nd4 Ne5 32. Qxb5 Bg6 33. Qb3 Bf7 34. Rc7 Qa4 35. Qxa4 Rxa4 36. Nf5 Rb4 37. Rc8 Rxc8 38. Rxc8+ Kh7 39. Bh3 d4 40. Rc7 Kg8 41. f4 Nc6 42. Nd6 Rb1+ 43. Kf2 Bd5 44. Rc8+ Kh7 45. Bf5+ g6 46. Rc7+ Kg8 47. Bxg6 Rh1 48. h4 Nb4 49. h5 Rh2+ 50. Ke1 1-0

[Event "Quebec op"]
[Site "Montreal CAN"]
[Date "1982.08.08"]
[Round "8"]
[White "Robichaud, Louis"]
[Black "Didiodato, Robert"]
[Result "1/2-1/2"]
[WhiteElo "1963"]
[BlackElo "2018"]
[PlyCount "118"]
[GameId "2160767912848304"]
[EventDate "1982.08.01"]
[EventType "swiss"]
[EventRounds "8"]
[EventCountry "CAN"]
[SourceTitle "EXT 2022"]
[Source "ChessBase"]
[SourceDate "2021.10.06"]
[SourceVersion "1"]
[SourceVersionDate "2021.10.06"]
[SourceQuality "1"]

1. e4 d6 2. d4 Nf6 3. Nc3 g6 4. f4 Bg7 5. Nf3 O-O 6. Be2 c5 7. d5 Na6 8. O-O Nc7 9. a4 b6 10. Qd3 a6 11. Nd2 Rb8 12. b3 e6 13. Bb2 exd5 14. Nxd5 Ncxd5 15. exd5 Re8 16. Bf3 b5 17. Rfe1 Bf5 18. Qf1 Qd7 19. axb5 axb5 20. Rxe8+ Qxe8 21. Re1 Qd7 22. Bd1 Nxd5 23. Bxg7 Kxg7 24. Ne4 Re8 25. Nxd6 Rxe1 26. Nxf5+ Qxf5 27. Qxe1 Qxf4 28. Bf3 Qd4+ 29. Kh1 Nc3 30. h3 b4 31. Qe7 Nb5 32. Be2 Qd6 33. Qb7 Nd4 34. Bc4 Qf4 35. Qd5 Qc7 36. Bd3 h5 37. Kg1 Qe7 38. Kh2 Qc7+ 39. Kg1 Qe7 40. Kh2 Qe3 41. Kh1 Ne6 42. Qd7 Qd4 43. Qe7 Qa1+ 44. Kh2 Qe5+ 45. Kh1 Qg5 46. Qb7 h4 47. Bc4 Qc1+ 48. Kh2 Qf4+ 49. Kh1 Nd4 50. Qe7 Nxc2 51. Qxc5 Ne3 52. Qxb4 Nf5 53. Qc3+ Kh7 54. Qf3 Qc1+ 55. Kh2 Qe1 56. Qd5 Qg3+ 57. Kh1 Qe1+ 58. Kh2 Qg3+ 59. Kh1 Qe1+ 1/2-1/2

[Event "Quebec op"]
[Site "Montreal CAN"]
[Date "1982.08.08"]
[Round "8"]
[White "Sarkar, Prosanto"]
[Black "Morin, Louis"]
[Result "1/2-1/2"]
[WhiteElo "1813"]
[BlackElo "1825"]
[PlyCount "120"]
[GameId "2160767912848306"]
[EventDate "1982.08.01"]
[EventType "swiss"]
[EventRounds "8"]
[EventCountry "CAN"]
[SourceTitle "hb 2013"]

1. e4 c5 2. Nf3 e6 3. g3 g6 4. Bg2 Bg7 5. O-O Ne7 6. c3 d5 7. exd5 Nxd5 8. d4 cxd4 9. Nxd4 O-O 10. Qe2 a6 11. Na3 Qc7 12. Nac2 Nd7 13. Bd2 Rb8 14. Rac1 b5 15. Ne3 Nxe3 16. Bxe3 Bb7 17. Nf3 Rbc8 18. Rfd1 Nb6 19. h4 Bd5 20. b3 Qb7 21. Bd4 Rc7 22. h5 Nd7 23. Bxg7 Kxg7 24. c4 bxc4 25. bxc4 Be4 26. Qe3 Nc5 27. Rd4 Rfc8 28. Rcd1 f6 29. h6+ Kf8 30. Qf4 Ke7 31. Qe3 Qc6 32. Nh4 Bxg2 33. Nxg2 Rd7 34. Rxd7+ Nxd7 35. Nf4 Ne5 36. Qa3+ Qc5 37. Qxa6 Rc6 38. Qb7+ Rc7 39. Qb5 Qxc4 40. Qb6 Qc6 41. Qxc6 Rxc6 42. Rb1 Nd7 43. Rb7 Ra6 44. Nd3 Rxa2 45. Nc5 Rd2 46. Ra7 Rd5 47. Ne4 e5 48. Kg2 Ke6 49. g4 Rb5 50. Ra8 Rb8 51. Nc5+ Kd6 52. Ne4+ Ke7 53. Ra7 Rc8 54. Nxf6 Kxf6 55. Rxd7 Rh8 56. Kg3 Kg5 57. Rd5 Kxh6 58. Rxe5 Rf8 59. Re7 g5 60. Re5 Kg6 1/2-1/2